Catálogo

MANUAL DE CONTABILIDAD AGRICOLA GANADERA (Registro nro. 19113)

Detalles MARC
000 -LEADER
fixed length control field 00433nam a2200169 a 4500
001 - CONTROL NUMBER
control field 19113
005 - DATE AND TIME OF LATEST TRANSACTION
control field 20180713212516.0
008 - FIXED-LENGTH DATA ELEMENTS--GENERAL INFORMATION
fixed length control field 140415s1958 000 0 spa d
041 ## - LANGUAGE CODE
Language code of text/sound track or separate title spa
082 ## - DEWEY DECIMAL CLASSIFICATION NUMBER
Classification number 657.863
Item number RHE
100 1# - MAIN ENTRY--PERSONAL NAME
Personal name RHESE, CARLOS
245 10 - TITLE STATEMENT
Title MANUAL DE CONTABILIDAD AGRICOLA GANADERA
250 ## - EDITION STATEMENT
Edition statement 2a ed.
260 ## - PUBLICATION, DISTRIBUTION, ETC.
Place of publication, distribution, etc. [s.l.] :
Name of publisher, distributor, etc. SELCON,
Date of publication, distribution, etc. 1958
300 ## - PHYSICAL DESCRIPTION
Extent 288
650 14 - SUBJECT ADDED ENTRY--TOPICAL TERM
Topical term or geographic name entry element CONTABILIDAD AGRICOLA
Existencias
Withdrawn status Lost status Source of classification or shelving scheme Damaged status Not for loan Collection code Home library Current library Shelving location Date acquired Source of acquisition Inventory number Total Checkouts Full call number Barcode Date last seen Price effective from Koha item type
    Dewey Decimal Classification     General Biblioteca Karol Wojtyla Biblioteca Karol Wojtyla Sala general 03/12/2013 Compra 151000000000000000021041   657.863 RHE 38572 27/03/2026 03/12/2013 Libro